| 000 | 01378nam a2200349Ia 4500 | ||
|---|---|---|---|
| 001 | ebr10355438 | ||
| 003 | CaPaEBR | ||
| 006 | m u | ||
| 007 | cr cn||||||||| | ||
| 008 | 091019s2010 ne sb 001 0 eng d | ||
| 010 | _z 2009043299 | ||
| 020 | _z9789027232700 (alk. paper) | ||
| 020 | _z9789027211682 (pbk. : alk. paper) | ||
| 020 | _z9789027288622 (eb : alk. paper) | ||
| 040 |
_aCaPaEBR _cCaPaEBR |
||
| 035 | _a(OCoLC)712986718 | ||
| 050 | 1 | 4 |
_aPE1106 _b.G38 2010eb |
| 100 | 1 | _aGelderen, Elly van. | |
| 245 | 1 | 3 |
_aAn introduction to the grammar of English _h[electronic resource] / _cElly van Gelderen. |
| 250 | _aRev. ed. | ||
| 260 |
_aAmsterdam ; _aPhiladelphia : _bJohn Benjamins Pub. Co., _c2010. |
||
| 300 | _axvi, 232 p. | ||
| 504 | _aIncludes bibliographical references and index. | ||
| 533 |
_aElectronic reproduction. _bPalo Alto, Calif. : _cebrary, _d2010. _nAvailable via World Wide Web. _nAccess may be limited to ebrary affiliated libraries. |
||
| 650 | 0 |
_aEnglish language _xGrammar. |
|
| 650 | 0 |
_aEnglish language _xGrammar, Historical. |
|
| 650 | 0 |
_aEnglish language _xSocial aspects. |
|
| 650 | 0 |
_aEnglish language _xSyntax. |
|
| 655 | 7 |
_aElectronic books. _2local |
|
| 710 | 2 | _aebrary, Inc. | |
| 856 | 4 | 0 |
_uhttp://site.ebrary.com/lib/rucke/Doc?id=10355438 _zAn electronic book accessible through the World Wide Web; click to view |
| 999 |
_c107268 _d107268 |
||